CS:GO - All S-Tier Tournaments in 2020 - Statistics

General Stats
  • This quiz has been taken 14 times
    10 since last reset
  • The average score is 93 of 155
Answer Stats
Hint Answer % Correct
Astralis
100%
BIG
100%
1st FaZe
100%
FURIA
100%
G2
100%
HEROIC
100%
kennyS
100%
Liquid
100%
MOUZ
100%
4-6th Natus Vincere
100%
NBK-
100%
3-4th NiKo
100%
niko
100%
Ninjas in Pyjamas
100%
OG
100%
twist
100%
Vitality
100%
XANTARES
100%
apEX
86%
blameF
86%
Boombl4
86%
1-3rd broky
86%
chrisJ
86%
4th coldzera
86%
Complexity
86%
device
86%
dupreeh
86%
electroNic
86%
EliGE
86%
Evil Geniuses
86%
flamie
86%
flusha
86%
fnatic
86%
gla1ve
86%
Grim
86%
HEN1
86%
JW
86%
k0nfig
86%
karrigan
86%
KRIMZ
86%
KSCERATO
86%
Magisk
86%
nitr0
86%
3rd rain
86%
REZ
86%
ropz
86%
RpK
86%
RUSH
86%
s1mple
86%
shox
86%
Stewie2K
86%
tabseN
86%
Xyp9x
86%
ZywOo
86%
100 Thieves
71%
Aleksib
71%
amanek
71%
arT
71%
autimatic
71%
Brehze
71%
Brollan
71%
cadiaN
71%
Cloud9
71%
FalleN
71%
fer
71%
frozen
71%
Golden
71%
huNter-
71%
JACKZ
71%
jkaem
71%
jks
71%
Liazz
71%
mantuu
71%
MIBR
71%
misutaaa
71%
NAF
71%
nexa
71%
2nd olofmeister
71%
Perfecto
71%
Plopski
71%
stanislaw
71%
stavn
71%
syrsoN
71%
tarik
71%
TeSeS
71%
tiziaN
71%
Twistzz
71%
VINI
71%
Virtus.pro
71%
woxic
71%
yuurih
71%
AZR
57%
CeRq
57%
Ethan
57%
floppy
57%
Gen.G
57%
Gratisfaction
57%
hampus
57%
Jame
57%
JT
57%
k1to
57%
Kjaerbye
57%
LUCAS1
57%
oBo
57%
oSee
57%
poizon
57%
Qikert
57%
SANJI
57%
Sonic
57%
TACO
57%
b0RUP
43%
buster
43%
Bymas
43%
steel
43%
YEKINDAR
43%
BnTeT
29%
Bubzkji
29%
daps
29%
es3tag
29%
Farlig
29%
GODSENT
29%
ISSAA
29%
kNgV-
29%
koosta
29%
Maden
29%
MAD Lions
29%
motm
29%
nawwk
29%
Nivera
29%
sjuush
29%
valde
29%
malbsMd
14%
s0m
14%
STYKO
14%
acoR
0%
b4rtiN
0%
Chaos
0%
emi
0%
HUNDEN
0%
Jonji
0%
kRYSTAL
0%
leaf
0%
leo_drk
0%
Maikelele
0%
Maluk3
0%
meyern
0%
pesadelo
0%
prt
0%
roeJ
0%
TeamOne
0%
trk
0%
vanity
0%
vsm
0%
Xeppaa
0%
zehN
0%
No matching quizzes found
Score Distribution
Percent of People with Each Score
Percentile by Number Answered
Your Score History
You have not taken this quiz since the last reset